| 000 | 01206nac a22002771u 4500 | ||
|---|---|---|---|
| 010 | _a 99046674 | ||
| 020 | _a0765800241 (cloth : acid-free paper) | ||
| 082 | 0 | 0 |
_a303.34 _bKEN |
| 090 |
_c6395 _d6395 |
||
| 100 | _aKennedy, Moorhead. | ||
| 245 | 0 | 4 |
_aThe moral authority of government : _bessays to commemorate the centennial of the National Institute of Social Sciences / _ceditors, Moorhead Kennedy, R. Gordon Hoxie, Brenda Repland ; introduction by Theodore M. Hesburgh. |
| 260 |
_aNew Brunswick, N.J. : _bTransaction Publishers,c2000. _cc2000. |
||
| 300 |
_axxiv, 300 p. ; _c24 cm. |
||
| 500 | _aDistributer: Al-Ahram. | ||
| 504 | _aIncludes bibliographical references (p. 275-296) and index. | ||
| 511 | _aCatalogued By: Mahitab. | ||
| 650 | 0 | _aPolitical leadership. | |
| 650 | 0 | _aAuthority. | |
| 650 | 0 | _aReason of state. | |
| 650 | 0 |
_aUnited States _xPolitics and government. |
|
| 700 | 1 |
_aHoxie, R. Gordon _c(Ralph Gordon), _d1919- |
|
| 700 | 1 | _aRepland, Brenda. | |
| 700 | 1 | _aNational Institute of Social Sciences (U.S.) | |
| 942 |
_cBB _k303.34KEN |
||
| 999 |
_c6395 _d6395 |
||